[Event "Steyr Landesliga 1617"]
[Site "Austria"]
[Date "2017.04.01"]
[Round "9.5"]
[White "Rattinger, Friedrich"]
[Black "Walzl, Martin"]
[Result "0-1"]
[WhiteElo "2068"]
[BlackElo "2080"]
[PlyCount "94"]
[EventDate "2016.10.01"]
[EventType "team-tourn"]
[EventRounds "11"]
[EventCountry "AUT"]
[SourceTitle "EXT 2018"]
[Source "ChessBase"]
[SourceDate "2017.10.13"]
[SourceVersion "1"]
[SourceVersionDate "2017.10.13"]
[SourceQuality "1"]
[WhiteTeam "Ratten Krieglach"]
[BlackTeam "Gleisdorf"]
[WhiteTeamCountry "AUT"]
[BlackTeamCountry "AUT"]

1. e4 c5 2. Nc3 Nc6 3. f4 g6 4. Nf3 Bg7 5. Bb5 Nd4 6. 0-0 e6 7. d3 Ne7 8. a4 0-0 9. e5 d5 10. exd6 Qxd6 11. Ne4 Qc7 12. Bc4 b6 13. c3 Ndf5 14. a5 Bb7 15. a6 Bd5 16. Bb5 Rad8 17. Qe2 Bc6 18. Bxc6 Nxc6 19. g4 Nd6 20. Be3 Ne7 21. h3 Nd5 22. Nfd2 Qd7 23. Nxd6 Qxd6 24. Ne4 Qd7 25. Rad1 f5 26. Ng3 Bxc3 27. bxc3 Nxc3 28. Qd2 Nxd1 29. Rxd1 Qd5 30. Kf2 Rf7 31. Qc3 Qa2+ 32. Rd2 Qxa6 33. Qe5 Qc8 34. Kf1 Rd5 35. Qc3 Qd8 36. g5 e5 37. h4 exf4 38. Bxf4 Rfd7 39. Qb3 Kf8 40. h5 Rxd3 41. Rxd3 Rxd3 42. Qe6 Rf3+ 43. Kg2 Rxf4 44. hxg6 hxg6 45. Qxg6 Qd5+ 46. Kh3 Rf3 47. Qh6+ Ke8 0-1

[Event "Steyr Landesliga 1617"]
[Site "Austria"]
[Date "2016.11.26"]
[Round "5.4"]
[White "Rattinger, Friedrich"]
[Black "Birk, Steffen"]
[Result "1/2-1/2"]
[WhiteElo "2068"]
[BlackElo "2219"]
[PlyCount "76"]
[EventDate "2016.10.01"]
[EventType "team-tourn"]
[EventRounds "11"]
[EventCountry "AUT"]
[SourceTitle "EXT 2018"]
[Source "ChessBase"]
[SourceDate "2017.10.13"]
[SourceVersion "1"]
[SourceVersionDate "2017.10.13"]
[SourceQuality "1"]
[WhiteTeam "Ratten Krieglach"]
[BlackTeam "Schachfreunde"]
[WhiteTeamCountry "AUT"]
[BlackTeamCountry "AUT"]

1. e4 Nf6 2. e5 Nd5 3. d4 d6 4. c4 Nb6 5. exd6 exd6 6. Nc3 Be7 7. b3 0-0 8. Nf3 Re8 9. Be2 Bf6 10. Be3 c6 11. 0-0 d5 12. c5 N6d7 13. Qc2 Nf8 14. h3 Na6 15. a3 Nc7 16. b4 Bd7 17. a4 Nce6 18. Qd2 Ng6 19. Rfe1 Nh4 20. Nxh4 Bxh4 21. Bg4 Nf8 22. Bxd7 Qxd7 23. Bg5 Bxg5 24. Qxg5 Re6 25. Rxe6 Qxe6 26. Qe3 Qf6 27. b5 Ne6 28. Ne2 Re8 29. Rd1 Nc7 30. Qd3 Qe7 31. Nc3 Qf6 32. g3 g6 33. Kf1 h5 34. h4 Kg7 35. Kg2 Ne6 36. Qf3 Qd8 37. Qd3 Qa5 38. Rb1 Qd8 1/2-1/2

[Event "Steyr Landesliga 1415"]
[Site "Austria"]
[Date "2015.04.25"]
[Round "11.6"]
[White "Rattinger, Friedrich"]
[Black "Wurm, Christoph"]
[Result "1/2-1/2"]
[WhiteElo "2076"]
[BlackElo "2098"]
[PlyCount "207"]
[EventDate "2014.09.27"]
[EventType "team-tourn"]
[EventRounds "11"]
[EventCountry "AUT"]
[SourceTitle "EXT 2016"]
[Source "ChessBase"]
[SourceDate "2015.10.08"]
[SourceVersion "1"]
[SourceVersionDate "2015.10.08"]
[SourceQuality "1"]
[WhiteTeam "Horn Ratten Krieglach"]
[BlackTeam "Leoben"]
[WhiteTeamCountry "AUT"]
[BlackTeamCountry "AUT"]

1. e4 c5 2. Nf3 Nc6 3. c3 e5 4. Bc4 Qf6 5. Na3 a6 6. Nc2 Qg6 7. 0-0 Be7 8. d3 d6 9. Ne3 Nf6 10. Nh4 Qh5 11. Nhf5 Qxd1 12. Rxd1 0-0 13. a4 g6 14. Nxe7+ Nxe7 15. f3 Nc6 16. Nd5 Nxd5 17. Bxd5 Be6 18. Bxe6 fxe6 19. Be3 Kf7 20. d4 exd4 21. cxd4 cxd4 22. Bxd4 Nxd4 23. Rxd4 Ke7 24. Rb4 Rab8 25. Rc1 Kd7 26. Rb6 Rfd8 27. Kf2 Ke7 28. h4 e5 29. h5 Rd7 30. Kg3 Ke6 31. hxg6 hxg6 32. Rc3 Rf8 33. Kg4 Rff7 34. Rd3 g5 35. g3 Rg7 36. Rd2 Rh7 37. Rc2 Rh8 38. b3 Rf7 39. Rd2 Rd7 40. b4 Rhh7 41. Rc2 Rh8 42. a5 Re7 43. b5 axb5 44. Rxb5 Rd7 45. Rbb2 Rdh7 46. Rb6 Rd7 47. Rcb2 Rhh7 48. a6 bxa6 49. Rxa6 Rh8 50. Rab6 Rg8 51. Rh2 Rg6 52. Rh8 Kf6 53. Rf8+ Ke6 54. Rf5 Rdg7 55. Rb8 Rf7 56. Rh8 Rfg7 57. Re8+ Kd7 58. Rh8 Ke6 59. Rh5 Rg8 60. Rhxg5 Rxg5+ 61. Rxg5 Rh8 62. f4 exf4 63. gxf4 Rh1 64. Rg6+ Ke7 65. Kf5 Rh5+ 66. Rg5 Rh7 67. Kg4 Kf6 68. Rd5 Ke6 69. Ra5 Rh1 70. Ra6 Rg1+ 71. Kf3 Ke7 72. Ra7+ Ke6 73. f5+ Kf6 74. Rd7 Rd1 75. Rh7 Rd2 76. Rh6+ Kf7 77. Ke3 Rd1 78. Rh2 Ke7 79. Rd2 Re1+ 80. Kd4 Ra1 81. Rd3 Ra4+ 82. Ke3 Ra1 83. Rc3 Re1+ 84. Kd4 Rd1+ 85. Ke3 Re1+ 86. Kf4 Rf1+ 87. Rf3 Re1 88. Rh3 Rf1+ 89. Ke3 Re1+ 90. Kd3 Rd1+ 91. Ke2 Rd4 92. Rh7+ Kf6 93. Ke3 Rd1 94. Rh6+ Kf7 95. Re6 Kf8 96. Kf4 Kf7 97. Rh6 Rf1+ 98. Ke3 Rd1 99. Rh7+ Kf6 100. Rd7 Ke5 101. Re7+ Kf6 102. Re6+ Kf7 103. Ke2 Rd4 104. Ke3 1/2-1/2

[Event "Graz-ch"]
[Site "Graz"]
[Date "2011.01.08"]
[Round "2"]
[White "Schnider, Gert"]
[Black "Rattinger, Friedrich"]
[Result "1-0"]
[WhiteElo "2349"]
[BlackElo "2092"]
[PlyCount "31"]
[EventDate "2011.01.07"]
[EventType "swiss"]
[EventRounds "7"]
[EventCountry "AUT"]
[SourceTitle "CBM 140 Extra"]
[Source "ChessBase"]
[SourceDate "2011.03.01"]
[SourceVersion "1"]
[SourceVersionDate "2011.03.01"]
[SourceQuality "1"]

1. d4 g6 2. c4 Bg7 3. Nc3 d6 4. e4 e5 5. Be3 exd4 6. Bxd4 Nf6 7. f3 0-0 8. Nge2 Re8 9. Qd2 Nc6 10. Be3 Ne5 11. Nd4 c6 12. 0-0-0 d5 13. cxd5 cxd5 14. exd5 Nxd5 15. Nc2 Nxc3 16. Qxd8 1-0